Welcome to the Holygrace Academy Library

Please use search bar below to get started

HANNAH MONTANA (Record no. 2421)

MARC details
000 -LEADER
fixed length control field 00272nam a22001217a 4500
020 ## - INTERNATIONAL STANDARD BOOK NUMBER
ISBN 978-1-4075-1730-8
082 ## - DEWEY DECIMAL CLASSIFICATION NUMBER
Classification number 823
Item number 10997
100 ## - MAIN ENTRY--AUTHOR NAME
Personal name PORYES, MICHAEL
245 ## - TITLE STATEMENT
Title HANNAH MONTANA
Remainder of title CRUSH-TASTIC!
260 ## - PUBLICATION, DISTRIBUTION, ETC. (IMPRINT)
Place of publication LONDON
650 ## - SUBJECT ADDED ENTRY--TOPICAL TERM
Topical Term NOVEL
Geographic subdivision UNITED KINGDOM
942 ## - ADDED ENTRY ELEMENTS (KOHA)
Koha item type Books
Holdings
Withdrawn status Lost status Collection code Home library Current library Shelving location Date acquired Source of acquisition Full call number Accession Number Koha item type Cost, normal purchase price
    Fiction Main Library Main Library SHELF 1-J-ENGLISH NOVELS FOR TEACHERS 04/02/2019 purchase 823 10997 10997 Books  
    Fiction Main Library Main Library SHELF 1-J-ENGLISH NOVELS FOR TEACHERS 04/02/2019 purchase 823 10997 10985 Books  
    Fiction Main Library Main Library SHELF 1-J-ENGLISH NOVELS FOR TEACHERS 12/03/2014 purchase 823 10997 07642 Books 30.00